| 000 | 00704nam a2200217Ii 4500 | ||
|---|---|---|---|
| 001 | 16325 | ||
| 003 | CO-ViMGA | ||
| 008 | 241108s9999||||xx |||||||||||||| ||und|| | ||
| 020 | _a9789586954891 | ||
| 040 |
_aCO-ViMGA _bspa _erda _cCO-ViMGA |
||
| 041 | 0 | _aunk | |
| 082 | 0 | 4 | _a331.89 R22 |
| 100 | 1 |
_aMiguel Urrutia Montoya _950664 |
|
| 245 | 1 | 0 | _aReforma de derechos sindicales y desarrollo |
| 264 | 1 | _a[Lugar de publicación no identificado] : Universidad de los Andes, [Fecha de publicación no identificada] | |
| 300 | _avolumen | ||
| 336 |
_atext _btxt _2rdacontent |
||
| 337 |
_aunmediated _bn _2rdamedia |
||
| 338 |
_avolume _bnc _2rdacarrier |
||
| 940 | _aidficha_siabuc: 15995. -- ficha_no_siabuc:16325 | ||
| 999 |
_c54260 _d54260 |
||